• 首页
  • 本馆介绍
  • 公告通知
  • 最新文献
  • 馆藏检索
  • 电子资源
  • 读者导购
  • 参考咨询
  • 我的图书馆
  • 登录
  • 详细信息显示
  • 放入我的书架
  • 预约/预借图书
  • 作者相关作品
  • 分类相关作品
  • 丛书相关作品
  • 出版社相关作品

书目信息

  • 表格格式
  • 工作单格式
  • 卡片格式
题名:
润爱教育
    
 
作者: 高文春 主编
分册:  
出版信息: 长春   吉林人民出版社  2019.12
页数: 228页
开本: 24cm
丛书名:
单 册:
中图分类: G616
科图分类:
主题词: 幼儿园--家长工作(教育)
电子资源:
ISBN: 978-7-206-16499-6
000 00813nam0 2200229 450
001 0103152700
005 20201103152732.0
010    @a978-7-206-16499-6@dCNY58.00
100    @a20200905d2019 em y0chiy50 ea
101 0  @achi
102    @aCN@b220000
105    @aa z 000yy
106    @ar
200 1  @a润爱教育@Arun ai jiao yu@e幼儿园家园共育的探索与实践@f高文春主编
210    @a长春@c吉林人民出版社@d2019.12
215    @a228页@c图@d24cm
330    @a本书共分为家园共育——实施与开发、家园共育——幼儿、家园共育——教师、家园共育——家长四部分,内容包括:实施家园共育的意义、家园共育的目的、平等地对待孩子、家园共育中教师的角色扮演等。
606 0  @a幼儿园@x家长工作(教育)
690    @aG616@v5
701  0 @a高文春@Agao wen chun@4主编
801  0 @aCN@bBJSZM@c20201103
905    @b1257791-5@dG616@e1102@f5
    
    润爱教育:幼儿园家园共育的探索与实践/高文春主编.-长春:吉林人民出版社,2019.12
    228页:图;24cm
    
    
    ISBN 978-7-206-16499-6:CNY58.00
    本书共分为家园共育——实施与开发、家园共育——幼儿、家园共育——教师、家园共育——家长四部分,内容包括:实施家园共育的意义、家园共育的目的、平等地对待孩子、家园共育中教师的角色扮演等。
●
相关链接 在E读中查询图书 在五车中查询图书 在当当中查询图书 在豆瓣中查询图书


正题名:润爱教育     索取号:G616/1102         预约/预借

序号 登录号 条形码 馆藏地/架位号 状态 备注
1 1257791   212577914   第一样本阅览室/ [索取号:G616/1102] 在馆    
2 1257792   212577923   教育系资料室/ [索取号:G616/1102] 在馆    
3 1257793   212577932   教育系资料室/ [索取号:G616/1102] 在馆    
4 1257794   212577941   第四借阅区/ [索取号:G616/1102] 在馆    
5 1257795   212577950   第四借阅区/ [索取号:G616/1102] 在馆    
唐山师范学院图书馆 欢迎您!
大连网信软件有限公司© 版权所有